| 000 | 00878nam a22002777a 4500 | ||
|---|---|---|---|
| 001 | 7933 | ||
| 003 | FISKH | ||
| 005 | 20250814101900.0 | ||
| 008 | 250814b cb ||||| |||| 00| 0 eng d | ||
| 020 | _a9780688124724 | ||
| 040 |
_aFISKH _beng _cFISKH _dFISKH |
||
| 050 | _aE99.M8 G37 | ||
| 082 | _a398.2 | ||
| 100 | _aGates, Frieda | ||
| 245 |
_aOwl eyes / _cby Frieda Gates ; Illustrated by Yoshi Milyake |
||
| 260 |
_aNew York : _bLothrop, Lee & Shepard Books, _c1994. |
||
| 300 |
_a30 unnumbered pages : _bcolor illustrations ; _c22 x 26 cm |
||
| 505 | _aR | ||
| 520 | _aRetells the Mohawk legend of Raweno the Everything-Maker and the exasperating Owl. | ||
| 521 | 8 |
_a660
_bLexile Ajusted |
|
| 521 | 8 |
_aR
_bRaz-Plus |
|
| 650 |
_aNative American _vFairy Tales _xAnimals |
||
| 700 |
_aMilyake, Yoshi _eillustrator |
||
| 942 |
_2ddc _cBK _n0 |
||
| 999 |
_c7933 _d7933 |
||